| 000 | 00426nam a2200181Ia 4500 | ||
|---|---|---|---|
| 005 | 20250423095527.0 | ||
| 008 | 250422s9999 xx 000 0 und d | ||
| 020 | _a9789784814928 | ||
| 050 | _aPR 9570 .S53 C497/ | ||
| 100 | _aChua, Dave | ||
| 245 | 0 | _aGone case | |
| 260 | _aIbadan | ||
| 260 | _bRasmed Publications Ltd | ||
| 260 | _c2007 | ||
| 300 | _a166 p | ||
| 650 | _aSingaporean fiction (English) | ||
| 942 | _cBK | ||
| 999 |
_c30546 _d30546 |
||